000 00404nam a2200169Ia 4500
001 14383
003 IN-NITTTR
005 20251114233135.0
008 251113s9999||||xx |||||||||||||| ||eng||
040 _beng
040 _cIN-NITTTR
041 _aeng
082 _a371.3 C393I
100 _aChauhan, S. S.
245 0 _aInnovations in teaching- learning process. /
_cChauhan, S. S.
942 _2ddc
_cBK
999 _c17019
_d17019